000 00685nam a22002177a 4500
999 _c10922
_d10922
003 AR-CdUCM
008 190402b ||||| |||| 00| 0 spa d
040 _aMUNICIPALIDAD PROVINCIAL DEL CUSCO
_cBIBLIOTECA MUNICIPAL DEL CUSCO
082 _aC / 869.56 /
_bR71S
100 _aRobles Alarcón, Manuel
_917981
245 _aSara Cosecho :
_bLa cosecha del maíz /
_cLlokje Runa (seudónimo)
260 _aCusco :
_bH. G. Rozas,
_c1940.
300 _a326, 14 páginas ;
_c17 cm.
500 _aNovela Serrana.
650 _aNovelas Peruanas
_9545
650 _aNovelas de costumbres
_9168
650 _aApurímac
_91025
650 _aSiglo XX
_98
942 _2ddc
_cLIBROS
945 _aachl